| 000 | 00629nam a22002057a 4500 | ||
|---|---|---|---|
| 999 |
_c6225 _d6225 |
||
| 003 | AR-CdUCM | ||
| 008 | 190314b ||||| |||| 00| 0 spa d | ||
| 040 |
_aMUNICIPALIDAD PROVINCIAL DEL CUSCO _cBIBLIOTECA MUNICIPAL DEL CUSCO |
||
| 082 |
_a863 / _bM79 |
||
| 100 |
_aDe Mora, RĂ³mulo Manuel _917940 |
||
| 245 |
_aComo Laura : _bNovela dialogada del Hogar / |
||
| 260 |
_aNueva York : _bR. M. de M., _c19718. |
||
| 300 |
_a136 paginas ; _bIlustraciones, _c16cm. |
||
| 500 | _aObra teatralizada | ||
| 650 |
_aObra Teatrilazada _917941 |
||
| 650 |
_aLiteratura _983 |
||
| 650 |
_aPeru _9429 |
||
| 942 |
_2ddc _cLIBROS |
||
| 945 | _apjha | ||